Central Library OPAC University of Rajshahi

Doctor Johnson and his world / (Record no. 29417)

MARC details
000 -LEADER
fixed length control field 01056nam a22003011 4500
001 - CONTROL NUMBER
control field 29417
003 - CONTROL NUMBER IDENTIFIER
rucl marc code BD-RjUL
005 - DATE AND TIME OF LATEST TRANSACTION
control field 20211209051418.0
008 - FIXED-LENGTH DATA ELEMENTS--GENERAL INFORMATION
fixed length control field 140403s1968 enkfh b 001 0beng
035 ## - SYSTEM CONTROL NUMBER
System control number (BD-RjUL)29502
040 ## - CATALOGING SOURCE
Original cataloging agency DLC
Transcribing agency DLC
Modifying agency BD-RjUL
Language of cataloging eng
041 ## - LANGUAGE CODE
Language code of text/sound track or separate title eng
082 00 - DEWEY DECIMAL CLASSIFICATION NUMBER
Classification number 828.609
Author mark and year HAD 1968
100 1# - MAIN ENTRY--PERSONAL NAME
Personal name Halliday, F. E.
Fuller form of name (Frank Ernest),
Dates associated with a name 1903-
9 (RLIN) 54125
245 10 - TITLE STATEMENT
Title Doctor Johnson and his world /
Statement of responsibility, etc. F. E. Halliday.
260 ## - PUBLICATION, DISTRIBUTION, ETC. (IMPRINT)
Place of publication, distribution, etc. London :
Name of publisher, distributor, etc. Thames & Hudson,
Date of publication, distribution, etc. c1968.
300 ## - PHYSICAL DESCRIPTION
Pagination 144 p. :
Illustrations ill. ;
Size 24 cm.
504 ## - BIBLIOGRAPHY, ETC. NOTE
Bibliography, etc Include bibliography and index.
600 10 - SUBJECT ADDED ENTRY--PERSONAL NAME
Personal name Johnson, Samuel,
Dates associated with a name 1709-1784
General subdivision Homes and haunts
Geographic subdivision Great Britain.
650 #0 - SUBJECT ADDED ENTRY--TOPICAL TERM
Topical term or geographic name as entry element Authors, English
Chronological subdivision 18th century
General subdivision Biography.
9 (RLIN) 62068
Topical term or geographic name as entry element Lexicographers
Geographic subdivision Great Britain
General subdivision Biography.
9 (RLIN) 89699
Topical term or geographic name as entry element Intellectuals
Geographic subdivision Great Britain
General subdivision Biography.
9 (RLIN) 89700
Topical term or geographic name as entry element Critics
Geographic subdivision Great Britain
General subdivision Biography.
9 (RLIN) 55058
651 #0 - SUBJECT ADDED ENTRY--GEOGRAPHIC NAME
Geographic name Great Britain
General subdivision Intellectual life
Chronological subdivision 18th century.
9 (RLIN) 55007
942 ## - ADDED ENTRY ELEMENTS (KOHA)
Source of classification or shelving scheme Dewey Decimal Classification
Koha item type Books
Holdings
Lost status Source of classification or shelving scheme Damaged status Not for loan Permanent Location Current Location Shelving location Date acquired Source of acquisition Cost, normal purchase price Total Checkouts Full call number Date last seen Copy number Koha item type
  Dewey Decimal Classification   Added to bundle Central Library, University of Rajshahi Central Library, University of Rajshahi Reading Room 13/01/1973 Paramount book corporation 38.50   828.609 HAD 1968 03/04/2014 C-1 Books